00460nam a22001457a 4500003000400000005001700004008004100021020001500062050002500077082002700102245010500129260004800234300002600282562000600308OSt20140310181753.0130628t xxu||||| |||| 00| 0 eng d a9718824015 aPL 6063b.Sa111 1994 aFIL 808.81 bSa 1 1994 aSa akin pa rin ang bukas at iba pang kuwento /bmula sa Kalakasann (Kababaihan laban sa karahasan.  aQuezon City : bCircle publication,c1994. aiv. 108 p. :c20 cm.  e1